[Event "Schachfestival 2020-Senioren"]
[Site "Bad Woerishofen"]
[Date "2020.03.11"]
[Round "7.30"]
[White "Blosze, Winfried"]
[Black "Klein, Gerhard"]
[Result "1-0"]
[WhiteElo "1839"]
[BlackElo "1787"]
[Annotator "chessorg"]
[PlyCount "41"]
[EventDate "2020.??.??"]
[WhiteTeam "SV Koenigsspringer 1929 Großauheim"]
[BlackTeam "Schachfreunde Konz-Karthaus"]

1. e4 e6 2. Nc3 d5 3. d4 dxe4 4. Nxe4 Be7 5. Nf3 Nf6 6. Bd3 Nc6 7. c3 h6 8. O-O
a6 9. Be3 Bd7 10. Bc2 Na5 11. b3 Bc6 12. Nfd2 Nxe4 13. Nxe4 Qd7 14. a4 O-O-O
15. Qh5 f5 16. Nd2 g6 17. Qe2 g5 18. f3 f4 19. Bf2 e5 20. Qxe5 g4 21. Bf5 1-0

[Event "Schachfestival 2020-Senioren"]
[Site "Bad Woerishofen"]
[Date "2020.03.11"]
[Round "7.35"]
[White "McAndrew, Robert"]
[Black "Mahrla, Hans"]
[Result "1-0"]
[WhiteElo "1867"]
[BlackElo "1767"]
[Annotator "chessorg"]
[PlyCount "101"]
[EventDate "2020.??.??"]
[WhiteTeam "Gambit Bonnevoie"]
[BlackTeam "SC Eichenau"]

1. Nf3 e6 2. g3 Nf6 3. Bg2 d5 4. c4 c5 5. O-O Nc6 6. cxd5 exd5 7. d4 cxd4 8.
Nxd4 h6 9. Nc3 Nxd4 10. Qxd4 Be6 11. b3 b6 12. Ba3 Bxa3 13. Qa4+ Bd7 14. Qxa3
Bc6 15. Rfd1 Qe7 16. Qxe7+ Kxe7 17. Bxd5 Nxd5 18. Nxd5+ Bxd5 19. Rxd5 Rhd8 20.
Rad1 Rxd5 21. Rxd5 Rc8 22. Rd2 Rc1+ 23. Kg2 Ra1 24. h4 a6 25. Kf3 h5 26. Kf4 f6
27. Rc2 Kd7 28. Kf5 Rf1 29. e3 g5 30. hxg5 fxg5 31. Kxg5 Rh1 32. Kf5 h4 33.
gxh4 Rxh4 34. f4 Rh5+ 35. Kg4 Rh8 36. e4 Rg8+ 37. Kf3 Rh8 38. Rg2 Rh3+ 39. Kg4
Rh8 40. Kf5 Rf8+ 41. Ke5 Re8+ 42. Kd5 Rd8 43. Rg7+ Kc8+ 44. Kc6 Re8 45. f5 Kd8
46. Kd5 Kc8 47. f6 Rd8+ 48. Kc6 b5 49. f7 Kb8 50. Rg8 Ka7 51. Kc5 1-0

[Event "Schachfestival 2020-Senioren"]
[Site "Bad Woerishofen"]
[Date "2020.03.11"]
[Round "7.36"]
[White "Zwetz, Anita"]
[Black "Rothenhagen, Siegfried"]
[Result "1-0"]
[WhiteElo "1853"]
[BlackElo "1736"]
[Annotator "chessorg"]
[PlyCount "53"]
[EventDate "2020.??.??"]
[WhiteTeam "TSV Kareth-Lappersdorf"]
[BlackTeam "SF Windach"]

1. d4 Nf6 2. Nf3 g6 3. Bg5 Bg7 4. c3 b6 5. e3 Bb7 6. Nbd2 O-O 7. Bd3 d5 8. h4
Nbd7 9. Bxf6 Nxf6 10. Ne5 Ne4 11. f4 f6 12. Nef3 h5 13. Qc2 f5 14. Ne5 Bxe5 15.
fxe5 c5 16. Nxe4 fxe4 17. Be2 cxd4 18. exd4 Bc8 19. Qd2 Bf5 20. O-O-O Qd7 21.
Qg5 Kh7 22. Rdg1 e6 23. g4 hxg4 24. Bxg4 Qa4 25. h5 Qxa2 26. hxg6+ Kg8 27. Rh8+
1-0

[Event "Schachfestival 2020-Senioren"]
[Site "Bad Woerishofen"]
[Date "2020.03.13"]
[Round "8.1"]
[White "Daeubler, Heinrich"]
[Black "Gerl, Hans"]
[Result "1-0"]
[WhiteElo "2127"]
[BlackElo "1947"]
[Annotator "chessorg"]
[PlyCount "99"]
[EventDate "2020.??.??"]
[WhiteTeam "S Haselmuehl Amberg"]
[BlackTeam "SGem 1882 Fuerth"]

1. d4 Nf6 2. Nf3 e6 3. g3 b6 4. Bg2 Bb7 5. O-O Be7 6. c4 O-O 7. d5 exd5 8. Nh4
c6 9. cxd5 Nxd5 10. Nf5 Bc5 11. e4 Ne7 12. Nxg7 Ba6 13. Nh5 Ng6 14. Re1 f6 15.
Bh6 Rf7 16. Nc3 Bc4 17. Bh3 Qe8 18. a3 a5 19. Na4 Na6 20. Bxd7 Qe7 21. Bxc6 Rd8
22. Bd5 Kh8 23. Nxc5 Nxc5 24. Bxc4 Rxd1 25. Raxd1 Ne5 26. Bxf7 Nxf7 27. Bg7+
Kg8 28. Bxf6 Qe6 29. e5 Qf5 30. Ng7 Qf3 31. Rd4 Nd3 32. Rf1 Ndxe5 33. Bxe5 Nxe5
34. Ne6 Qf6 35. Rd8+ Kf7 36. Rf8+ Kxe6 37. Rxf6+ Kxf6 38. Rc1 Kf5 39. Rc7 h5
40. h4 Kg4 41. Kg2 Nd3 42. Rf7 Ne1+ 43. Kf1 Nd3 44. Rg7+ Kf3 45. Rb7 Nxb2 46.
Rxb6 Nc4 47. Rf6+ Ke4 48. Rf4+ Kd5 49. Rxc4 Kxc4 50. g4 1-0

[Event "Schachfestival 2020-Senioren"]
[Site "Bad Woerishofen"]
[Date "2020.03.13"]
[Round "8.3"]
[White "Esswein, Karlheinz"]
[Black "Rubke, Manfred"]
[Result "0-1"]
[WhiteElo "2033"]
[BlackElo "2147"]
[Annotator "chessorg"]
[PlyCount "74"]
[EventDate "2020.??.??"]
[WhiteTeam "Schachclub Ludwigshafen 1912"]
[BlackTeam "TSV Haunstetten"]

1. d4 d5 2. Nf3 Nf6 3. Bf4 e6 4. e3 Bd6 5. Bg3 O-O 6. Nbd2 c5 7. c3 Nc6 8. Ne5
Bxe5 9. dxe5 Nd7 10. f4 f6 11. exf6 Qxf6 12. Bd3 Qh6 13. Qe2 e5 14. O-O-O e4
15. Bb5 a6 16. Ba4 b5 17. Bc2 Qe6 18. Bh4 c4 19. g4 Nc5 20. f5 Qf7 21. Rdf1 b4
22. f6 bxc3 23. bxc3 g6 24. Bg3 Qe6 25. g5 Ne5 26. h4 Ned3+ 27. Bxd3 Nxd3+ 28.
Kc2 Qc6 29. f7+ Rxf7 30. Rxf7 Kxf7 31. h5 Bf5 32. hxg6+ hxg6 33. Qh2 Qa4+ 34.
Kb1 Qb5+ 35. Nb3 cxb3 36. Qh7+ Ke6 37. a3 Qd7 0-1

[Event "Schachfestival 2020-Senioren"]
[Site "Bad Woerishofen"]
[Date "2020.03.13"]
[Round "8.11"]
[White "Walther, Reinhard"]
[Black "Wagner, Franz"]
[Result "0-1"]
[WhiteElo "2019"]
[BlackElo "1959"]
[Annotator "chessorg"]
[PlyCount "140"]
[EventDate "2020.??.??"]
[WhiteTeam "SK 1911 Herzogenaurach e.V."]
[BlackTeam "Spgem Koetz/Ichenhausen"]

1. d4 d5 2. Bf4 Bf5 3. c4 e6 4. Nc3 c6 5. e3 Nf6 6. Nf3 Nbd7 7. c5 Nh5 8. Bg5
Be7 9. Bxe7 Qxe7 10. Nd2 Nhf6 11. b4 e5 12. Nf3 Bg4 13. Be2 Bxf3 14. Bxf3 exd4
15. Qxd4 b6 16. cxb6 axb6 17. O-O O-O 18. Rfe1 Rfd8 19. a3 Rab8 20. Rad1 Ne5
21. Qf4 Nxf3+ 22. Qxf3 Qe5 23. Rd3 Re8 24. Red1 Ne4 25. Ne2 Re6 26. Qf4 Qxf4
27. Nxf4 Rf6 28. f3 Nd6 29. Nh5 Re6 30. e4 Re5 31. Ng3 Nc4 32. Rc3 b5 33. Kf2
Ra8 34. f4 Re7 35. exd5 Rd7 36. d6 Rad8 37. Rcd3 Nb2 38. Ne4 Nxd3+ 39. Rxd3 f5
40. Nc5 Rxd6 41. Re3 Kf7 42. Kf3 g6 43. Nb7 R8d7 44. Nxd6+ Rxd6 45. h3 h5 46.
Rc3 h4 47. g3 hxg3 48. Kxg3 Kg7 49. Re3 Kh6 50. Rc3 Re6 51. Rd3 Re4 52. Kf3 Rc4
53. Re3 g5 54. fxg5+ Kxg5 55. Kg2 Kh4 56. Rf3 Rc2+ 57. Kf1 Kg5 58. Kg1 f4 59.
Rf2 Rc3 60. h4+ Kxh4 61. Rxf4+ Kg3 62. Rf1 Rxa3 63. Rb1 Rc3 64. Kf1 Kf3 65. Ke1
Ke3 66. Kd1 Kd3 67. Rb2 Kc4 68. Kd2 Rd3+ 69. Kc2 Rh3 70. Kb1 Rb3 0-1

[Event "Schachfestival 2020-Senioren"]
[Site "Bad Woerishofen"]
[Date "2020.03.13"]
[Round "8.15"]
[White "Lange, Manfred"]
[Black "Halli, Gerhard"]
[Result "1-0"]
[WhiteElo "2043"]
[BlackElo "1970"]
[Annotator "chessorg"]
[PlyCount "39"]
[EventDate "2020.??.??"]
[BlackTeam "POEchlarn"]

1. d4 d5 2. c4 e6 3. Nf3 Nf6 4. g3 c6 5. Bg2 Be7 6. O-O Nbd7 7. Qc2 O-O 8. Nbd2
Re8 9. e4 dxe4 10. Nxe4 Nxe4 11. Qxe4 Nf6 12. Qc2 h6 13. h3 c5 14. Be3 Qc7 15.
Rfd1 cxd4 16. Bxd4 Bd7 17. Be5 Qc8 18. Nd4 Bc6 19. Nxc6 bxc6 20. Qa4 1-0

[Event "Schachfestival 2020-Senioren"]
[Site "Bad Woerishofen"]
[Date "2020.03.13"]
[Round "8.20"]
[White "Goris, Ton"]
[Black "Blosze, Winfried"]
[Result "1-0"]
[WhiteElo "1926"]
[BlackElo "1839"]
[Annotator "chessorg"]
[PlyCount "60"]
[EventDate "2020.??.??"]
[BlackTeam "SV Koenigsspringer 1929 Großauheim"]

1. e4 e5 2. d4 exd4 3. Nf3 Nc6 4. c3 d5 5. exd5 Qxd5 6. cxd4 Bg4 7. Be2 Bb4+ 8.
Nc3 O-O-O 9. O-O Qd7 10. Be3 Bxf3 11. Bxf3 Nxd4 12. Bxd4 Qxd4 13. Qb3 c6 14.
Rad1 Qf4 15. Rxd8+ Kxd8 16. Ne4 f5 17. Qf7 Ne7 18. Rd1+ Kc8 19. a3 Qc7 20. Qe6+
Kb8 21. Ng5 Ba5 22. b4 Bb6 23. Rd7 Qf4 24. Qxe7 Qc1+ 25. Rd1 Qb2 26. Qe2 Qxa3
27. Qe5+ Bc7 28. Qxg7 Rd8 29. Ne6 Rxd1+ 30. Bxd1 a6 1-0

[Event "Schachfestival 2020-Senioren"]
[Site "Bad Woerishofen"]
[Date "2020.03.13"]
[Round "8.23"]
[White "Schwis, Joachim"]
[Black "Hackbarth, Christa"]
[Result "1-0"]
[WhiteElo "1988"]
[BlackElo "1798"]
[Annotator "chessorg"]
[PlyCount "53"]
[EventDate "2020.??.??"]
[WhiteTeam "Ford SF Koeln e.V."]
[BlackTeam "Ranshofen"]

1. c4 c6 2. g3 d5 3. b3 Bf5 4. Bg2 e6 5. Nf3 Nf6 6. O-O Be7 7. d4 O-O 8. Nc3
Ne4 9. Bb2 Nd7 10. Nd2 Ndf6 11. Ndxe4 Nxe4 12. e3 Nxc3 13. Bxc3 Be4 14. Bxe4
dxe4 15. c5 Qd5 16. b4 Bf6 17. Kg2 Rfd8 18. Qb3 a6 19. Qxd5 exd5 20. a4 Rdc8
21. Rfb1 Kf8 22. b5 Bd8 23. bxc6 bxc6 24. Rb7 Bc7 25. Rab1 Ke8 26. g4 Rab8 27.
Rxc7 1-0

[Event "Schachfestival 2020-Senioren"]
[Site "Bad Woerishofen"]
[Date "2020.03.13"]
[Round "8.24"]
[White "Reimann, Guenther"]
[Black "Keller, Harald"]
[Result "0-1"]
[WhiteElo "1832"]
[BlackElo "2024"]
[Annotator "chessorg"]
[PlyCount "86"]
[EventDate "2020.??.??"]
[WhiteTeam "SC Magstadt"]
[BlackTeam "SV Rottweil"]

1. c4 Nf6 2. Nf3 c5 3. g3 g6 4. Bg2 Bg7 5. O-O Nc6 6. d3 O-O 7. Re1 d5 8. cxd5
Nxd5 9. a3 b6 10. Qc2 Bb7 11. Nc3 Nc7 12. Rb1 Ne6 13. Bd2 Rc8 14. Ne4 Ncd4 15.
Nxd4 cxd4 16. Qa4 Bc6 17. Qd1 h6 18. f3 Qd7 19. Rf1 f5 20. Nf2 Nc5 21. b3 a5
22. f4 a4 23. Bxc6 Qxc6 24. bxa4 Nxa4 25. Qb3+ Kh7 26. Rfc1 Nc3 27. Bxc3 dxc3
28. Rc2 Bd4 29. Kf1 g5 30. e3 Bxe3 31. Re1 gxf4 32. gxf4 Qf3 33. Qe6 Bc5 34.
Qe5 Rcd8 35. Qe2 Qxf4 36. Rxc3 Rf7 37. h3 Rg7 38. Rxc5 bxc5 39. Qe5 Qxe5 40.
Rxe5 Kg6 41. Rxc5 Ra8 42. Rc3 e6 43. Ke2 Rga7 0-1

[Event "Schachfestival 2020-Senioren"]
[Site "Bad Woerishofen"]
[Date "2020.03.13"]
[Round "8.25"]
[White "Bachmann, Rolf"]
[Black "Meul, Willi"]
[Result "1-0"]
[WhiteElo "1944"]
[BlackElo "1834"]
[Annotator "chessorg"]
[PlyCount "69"]
[EventDate "2020.??.??"]
[WhiteTeam "SVigung Hamm"]
[BlackTeam "SV Huerth-Berrenrath"]

1. d4 d5 2. c4 e6 3. Nc3 Nf6 4. Nf3 Be7 5. Bf4 a6 6. e3 Nbd7 7. h3 O-O 8. Bd3
c6 9. O-O dxc4 10. Bxc4 b5 11. Bd3 Bb7 12. Rc1 c5 13. Qe2 c4 14. Bb1 Nb6 15. e4
Rc8 16. a3 h6 17. Rfd1 Re8 18. Qc2 Kf8 19. g4 Nh7 20. e5 Ng5 21. Nxg5 Bxg5 22.
Qd2 Bxf4 23. Qxf4 Qg5 24. Qg3 Nd5 25. Ne4 Qf4 26. Nd6 Rc7 27. Nxe8 Kxe8 28.
Qxf4 Nxf4 29. Kh2 Rd7 30. Rd2 Bf3 31. Re1 g5 32. Re3 Bg2 33. Bc2 Bf1 34. Be4
Bd3 35. Bc6 1-0

[Event "Schachfestival 2020-Senioren"]
[Site "Bad Woerishofen"]
[Date "2020.03.13"]
[Round "8.28"]
[White "Vonach, Bernhard"]
[Black "Blutharsch, Walter"]
[Result "1-0"]
[WhiteElo "1799"]
[BlackElo "1878"]
[Annotator "chessorg"]
[PlyCount "81"]
[EventDate "2020.??.??"]
[BlackTeam "Vfl Sindelfingen"]

1. e4 e5 2. d4 exd4 3. Qxd4 Nc6 4. Qe3 b6 5. Nc3 Nge7 6. Bd2 Ng6 7. f4 Bc5 8.
Qg3 O-O 9. Nf3 Nb4 10. O-O-O Be7 11. h4 h5 12. f5 Nh8 13. Bh6 g6 14. Bxf8 Qxf8
15. Bc4 Qh6+ 16. Kb1 d6 17. Ng5 Kf8 18. Rhf1 Ke8 19. fxg6 Qxg6 20. Qf2 f6 21.
Ne6 Bxe6 22. Bxe6 c6 23. a3 Na6 24. Qf5 Nc5 25. g4 Nxe6 26. Qxe6 hxg4 27. Rxd6
Qg7 28. Rxc6 Ng6 29. Nd5 Rd8 30. Nc7+ Kf8 31. Qxg4 Ne5 32. Qxg7+ Kxg7 33. Ne6+
Kf7 34. Nxd8+ Bxd8 35. Rc8 Be7 36. Rc7 a5 37. h5 Ke6 38. h6 Kd6 39. h7 Nf7 40.
Rxf6+ Bxf6 41. Rxf7 1-0

[Event "Schachfestival 2020-Senioren"]
[Site "Bad Woerishofen"]
[Date "2020.03.13"]
[Round "8.29"]
[White "Cabrera, Elmo"]
[Black "Huhn, Ulrich"]
[Result "0-1"]
[WhiteElo "1878"]
[BlackElo "1831"]
[Annotator "chessorg"]
[PlyCount "80"]
[EventDate "2020.??.??"]
[WhiteTeam "SK Tarrasch 1945 Muenchen"]
[BlackTeam "SF Siemensstadt"]

1. Nf3 d5 2. d4 Nf6 3. Bf4 Bf5 4. e3 e6 5. c4 Bd6 6. Bg3 Bxg3 7. hxg3 c6 8. Nc3
Nbd7 9. Be2 h6 10. c5 Ne4 11. Nxe4 Bxe4 12. Bd3 Qa5+ 13. Qd2 Qxd2+ 14. Kxd2
Bxd3 15. Kxd3 O-O 16. g4 Nf6 17. g5 Ne4 18. Ke2 Nxg5 19. Nxg5 hxg5 20. Rh5 f6
21. g4 g6 22. Rh6 Kg7 23. Rah1 Rh8 24. Rxh8 Rxh8 25. Rxh8 Kxh8 26. f3 Kg7 27.
e4 dxe4 28. fxe4 f5 29. e5 Kf7 30. Kf3 Ke7 31. b4 a5 32. a3 axb4 33. axb4 Kf7
34. Ke3 Ke7 35. Kd3 Kd8 36. Ke3 Kc7 37. b5 cxb5 38. d5 Kb8 39. c6 bxc6 40. gxf5
gxf5 0-1

[Event "Schachfestival 2020-Senioren"]
[Site "Bad Woerishofen"]
[Date "2020.03.13"]
[Round "8.32"]
[White "Goris-Schouwstra, Adry"]
[Black "Stokes, Paul"]
[Result "0-1"]
[WhiteElo "1649"]
[BlackElo "1857"]
[Annotator "chessorg"]
[PlyCount "72"]
[EventDate "2020.??.??"]
[BlackTeam "Battersea"]

1. d4 Nf6 2. Nf3 e6 3. e3 c5 4. Be2 b6 5. O-O Bb7 6. c4 Be7 7. Nc3 O-O 8. b3 d5
9. Bb2 cxd4 10. Nxd4 Nc6 11. Nxc6 Bxc6 12. cxd5 exd5 13. Nb5 Bb7 14. Rc1 a6 15.
Nd4 Qd7 16. Bd3 g6 17. Nf3 Rac8 18. Qe2 b5 19. h3 Rxc1 20. Rxc1 Rc8 21. Bd4
Rxc1+ 22. Kh2 Rc8 23. g3 Ne4 24. Ne5 Qe6 25. Ng4 h5 26. Ne5 Bf6 27. f4 Bxe5 28.
Bxe5 f6 29. Bd4 Kg7 30. g4 hxg4 31. hxg4 Rh8+ 32. Kg2 Bc8 33. Bxe4 Qxe4+ 34.
Kg3 Rh1 35. Qf2 Kf7 36. b4 Qb1 0-1

[Event "Schachfestival 2020-Senioren"]
[Site "Bad Woerishofen"]
[Date "2020.03.13"]
[Round "8.37"]
[White "Thielemann, Joachim"]
[Black "Klimpel, Siegfried"]
[Result "1-0"]
[WhiteElo "1699"]
[BlackElo "1801"]
[Annotator "chessorg"]
[PlyCount "79"]
[EventDate "2020.??.??"]
[WhiteTeam "SV Eutin von 1875"]
[BlackTeam "TSV Kareth-Lappersdorf"]

1. e4 c5 2. Nc3 e6 3. g3 Nc6 4. Bg2 g6 5. d3 Bg7 6. Nge2 Nf6 7. h3 O-O 8. Be3
d6 9. O-O Rb8 10. Qd2 Re8 11. Bg5 Ne7 12. g4 Nd7 13. Bxe7 Rxe7 14. Rab1 b5 15.
Ng3 b4 16. Nd1 Nb6 17. Ne3 Bh6 18. f4 Bg7 19. Kh2 Na4 20. Qc1 Bb7 21. a3 bxa3
22. bxa3 Nc3 23. Rb3 d5 24. Re1 dxe4 25. dxe4 Bd4 26. Nc4 Rc7 27. f5 Rd7 28.
Bf1 Ba6 29. e5 Rxb3 30. cxb3 Bf2 31. Qxc3 Bxe1 32. Qxe1 Bxc4 33. Bxc4 Rd1 34.
Qe3 Qa5 35. fxe6 fxe6 36. Bxe6+ Kg7 37. Bc4 Re1 38. Qf2 Rxe5 39. Qf7+ Kh6 40.
Qf4+ 1-0

[Event "Schachfestival 2020-Senioren"]
[Site "Bad Woerishofen"]
[Date "2020.03.13"]
[Round "9.9"]
[White "Plischke, Berthold"]
[Black "Esswein, Karlheinz"]
[Result "0-1"]
[WhiteElo "1935"]
[BlackElo "2033"]
[Annotator "chessorg"]
[PlyCount "62"]
[EventDate "2020.??.??"]
[WhiteTeam "SV Wesel 1928 e.V."]
[BlackTeam "Schachclub Ludwigshafen 1912"]

1. e4 d6 2. d4 g6 3. Be3 Bg7 4. Nc3 a6 5. Qd2 b5 6. f3 Bb7 7. a4 b4 8. Nd1 a5
9. Ne2 Nd7 10. Nf4 Ngf6 11. h4 h5 12. Nf2 e5 13. N4h3 exd4 14. Qxd4 O-O 15. Qd2
d5 16. O-O-O dxe4 17. g4 hxg4 18. fxg4 Ne5 19. Qe2 Qe7 20. Nf4 Rfd8 21. Bg2
Rxd1+ 22. Rxd1 Ba6 23. Qd2 Nc4 24. Nd5 Nxd5 25. Qxd5 Bxb2+ 26. Kb1 Re8 27. Bg5
Bf6 28. Nxe4 Bxg5 29. Nxg5 Ne3 30. Qc6 Nxd1 31. Bd5 Nc3+ 0-1

[Event "Schachfestival 2020-Senioren"]
[Site "Bad Woerishofen"]
[Date "2020.03.13"]
[Round "9.10"]
[White "Eichler, Gottfried"]
[Black "Kuempers, Ulrich"]
[Result "0-1"]
[WhiteElo "2020"]
[BlackElo "1987"]
[Annotator "chessorg"]
[PlyCount "41"]
[EventDate "2020.??.??"]
[WhiteTeam "SV Bad Bevensen"]
[BlackTeam "SC Tarrasch 45 Muenchen"]

1. f4 Nf6 2. Nf3 g6 3. e3 Bg7 4. d4 O-O 5. Bd3 d6 6. O-O c5 7. c3 Nc6 8. Nbd2
e5 9. dxc5 dxc5 10. Qc2 exf4 11. exf4 Ng4 12. Nb3 c4 13. Bxc4 Bf5 14. Qd2 Qb6+
15. Nbd4 Rad8 16. Kh1 Bxd4 17. cxd4 Nxd4 18. Qc3 Nc2 19. b3 Rd1 20. Bb2 Nf2+
21. Kg1 0-1

[Event "Schachfestival 2020-Senioren"]
[Site "Bad Woerishofen"]
[Date "2020.03.13"]
[Round "9.17"]
[White "Lechner, Otto"]
[Black "Bachmann, Rolf"]
[Result "1-0"]
[WhiteElo "1819"]
[BlackElo "1944"]
[Annotator "chessorg"]
[PlyCount "65"]
[EventDate "2020.??.??"]
[WhiteTeam "TSV Wertingen 1862 SAbt"]
[BlackTeam "SVigung Hamm"]

1. d4 d5 2. Nf3 f5 3. Bf4 Nf6 4. e3 e6 5. Be2 Be7 6. Ne5 O-O 7. h3 Ne4 8. Nd2
Nd7 9. Nxe4 fxe4 10. Qd2 c5 11. Nxd7 Bxd7 12. O-O-O c4 13. c3 b5 14. f3 exf3
15. gxf3 a5 16. Rdg1 Be8 17. Bd1 b4 18. Bc2 bxc3 19. bxc3 Ba3+ 20. Kd1 Ra7 21.
h4 Rb7 22. h5 Rb2 23. Rxg7+ Kxg7 24. Rg1+ Kf7 25. Qg2 Ke7 26. Bg5+ Kd7 27. Bxd8
Kxd8 28. Qg5+ Kc8 29. f4 Rxa2 30. Rg2 Ra1+ 31. Ke2 Rh1 32. h6 Bb2 33. Qe7 1-0

[Event "Schachfestival 2020-Senioren"]
[Site "Bad Woerishofen"]
[Date "2020.03.13"]
[Round "9.30"]
[White "Krotofil, Kurt"]
[Black "Schmidt, Eugen"]
[Result "1-0"]
[WhiteElo "1874"]
[BlackElo "1809"]
[Annotator "chessorg"]
[PlyCount "61"]
[EventDate "2020.??.??"]
[WhiteTeam "Niendorfer TSV 1919 SAbt"]

1. d4 g6 2. c4 Bg7 3. Nc3 h6 4. e4 d6 5. Nf3 Nf6 6. Be2 c6 7. O-O Qc7 8. h3 e5
9. dxe5 dxe5 10. Be3 O-O 11. Qc2 Be6 12. Rad1 Nbd7 13. Rd3 Bxc4 14. Rxd7 Nxd7
15. Bxc4 b5 16. Nxb5 Qb8 17. Na3 Qb7 18. Rd1 Rfd8 19. Bb3 Nb6 20. Rxd8+ Rxd8
21. Nc4 Nxc4 22. Qxc4 Rd7 23. Qc5 Qb5 24. Qxb5 cxb5 25. Bd5 Rc7 26. b4 Bf8 27.
Nxe5 Bxb4 28. Nc6 Bf8 29. Bxa7 Kg7 30. Bd4+ f6 31. e5 1-0

[Event "Schachfestival 2020-Senioren"]
[Site "Bad Woerishofen"]
[Date "2020.03.13"]
[Round "9.32"]
[White "Meul, Willi"]
[Black "Mahrla, Hans"]
[Result "1-0"]
[WhiteElo "1834"]
[BlackElo "1767"]
[Annotator "chessorg"]
[PlyCount "77"]
[EventDate "2020.??.??"]
[WhiteTeam "SV Huerth-Berrenrath"]
[BlackTeam "SC Eichenau"]

1. d4 e6 2. Bf4 d5 3. Nf3 Nf6 4. e3 c5 5. c3 Nc6 6. Bd3 Bd7 7. Nbd2 Nh5 8. Bg3
cxd4 9. exd4 Be7 10. Qe2 O-O 11. Ne5 Nxg3 12. hxg3 Nxe5 13. Bxh7+ Kh8 14. dxe5
Bg5 15. Bd3+ Kg8 16. f4 Bh6 17. Qg4 f5 18. Qg6 Qe8 19. Rxh6 Qxg6 20. Rxg6 Kf7
21. Rg5 Rh8 22. Kf2 Rac8 23. Nf3 Rcg8 24. g4 g6 25. gxf5 exf5 26. Rg3 Rh6 27.
Ng5+ Ke7 28. Rh3 Rgh8 29. Rah1 Rxh3 30. Rxh3 Rxh3 31. gxh3 Kf8 32. Kg3 Kg7 33.
Be2 a6 34. h4 b5 35. h5 Be8 36. Kh4 gxh5 37. Bxh5 Bxh5 38. Kxh5 a5 39. Nf3 1-0

[Event "Schachfestival 2020-Senioren"]
[Site "Bad Woerishofen"]
[Date "2020.03.13"]
[Round "9.35"]
[White "Kumeth, Hartmut"]
[Black "Klimpel, Siegfried"]
[Result "1-0"]
[WhiteElo "1700"]
[BlackElo "1801"]
[Annotator "chessorg"]
[PlyCount "117"]
[EventDate "2020.??.??"]
[WhiteTeam "SK Union Oldenburg"]
[BlackTeam "TSV Kareth-Lappersdorf"]

1. d4 c6 2. Nf3 d6 3. e4 Bg4 4. Be2 Qc7 5. h3 Bh5 6. O-O Nd7 7. Bf4 e5 8. Bg3
Be7 9. c3 Ngf6 10. Nbd2 Bg6 11. Bd3 c5 12. d5 O-O 13. Re1 Nxd5 14. Nc4 N5f6 15.
Nfd2 b5 16. Ne3 c4 17. Bc2 Nb6 18. Nf5 Rfd8 19. Nxe7+ Qxe7 20. Bh4 Rd7 21. Nf1
Qe6 22. Bxf6 Qxf6 23. Ne3 Rad8 24. Nd5 Qe6 25. Nxb6 axb6 26. Qe2 f6 27. Rad1
Bf7 28. a4 bxa4 29. Bxa4 Ra7 30. Bc6 Qc8 31. Bd5 Bxd5 32. Rxd5 Qc6 33. Red1 b5
34. Qg4 Re7 35. Ra1 Rf8 36. Qd1 Rd7 37. Ra5 Rb8 38. g4 Qb6 39. Qa1 b4 40. Ra6
Qc7 41. cxb4 Rxb4 42. Qa3 Rb6 43. Ra8+ Kf7 44. Rh8 Qa7 45. Qc3 Qa2 46. Qf3 Rxb2
47. Qf5 Qa7 48. Rxh7 Kg8 49. Rh4 Kf7 50. Rh7 c3 51. Ra5 Rb1+ 52. Kg2 Qb7 53.
Qh5+ Ke7 54. Rxg7+ Kd8 55. Ra8+ Kc7 56. Rxd7+ Kxd7 57. Qe8+ Kc7 58. Qd8+ Kc6
59. Rc8+ 1-0

[Event "Schachfestival 2020-Senioren"]
[Site "Bad Woerishofen"]
[Date "2020.03.13"]
[Round "9.36"]
[White "Flockerzi, Armin"]
[Black "Niedermaier, Peter"]
[Result "0-1"]
[WhiteElo "1707"]
[BlackElo "1819"]
[Annotator "chessorg"]
[PlyCount "88"]
[EventDate "2020.??.??"]
[WhiteTeam "VfR-SC Koblenz"]
[BlackTeam "SU Ebersberg-Grafing"]

1. d4 Nf6 2. c4 g6 3. Nf3 Bg7 4. Nc3 d5 5. c5 O-O 6. h3 Nc6 7. e3 b6 8. Bb5 Bb7
9. a3 bxc5 10. dxc5 a6 11. Be2 Re8 12. O-O e6 13. Rb1 Nd7 14. Na4 a5 15. Bb5
Na7 16. Bxd7 Qxd7 17. Qc2 Bc6 18. Nc3 Rab8 19. Rd1 Qe7 20. Ne2 Rb7 21. Ned4 Bd7
22. c6 Nxc6 23. Nxc6 Bxc6 24. Qxc6 Reb8 25. Rd2 Rb6 26. Qa4 Rb5 27. Nd4 Rc5 28.
Nc6 Qd7 29. b4 Qxc6 30. bxc5 Qxa4 31. Rxb8+ Bf8 32. Rdb2 Qd1+ 33. Kh2 Qxc1 34.
a4 Qxc5 35. R2b5 Qc3 36. Ra8 Kg7 37. Rbxa5 Qd2 38. h4 Qxf2 39. R5a6 Qxh4+ 40.
Kg1 Qe1+ 41. Kh2 Bd6+ 42. Rxd6 cxd6 43. a5 Qxe3 44. Rd8 Qa7 0-1

[Event "Schachfestival 2020-Senioren"]
[Site "Bad Woerishofen"]
[Date "2020.03.13"]
[Round "9.38"]
[White "Lie, Terje"]
[Black "Rueggeberg, Wilhelm"]
[Result "1-0"]
[WhiteElo "1506"]
[BlackElo "1776"]
[Annotator "chessorg"]
[PlyCount "84"]
[EventDate "2020.??.??"]
[BlackTeam "Sfr.Konz-Karthaus"]

1. d4 Nf6 2. c4 c6 3. Nc3 e6 4. Nf3 d5 5. e3 Bb4 6. Bd2 Nbd7 7. a3 Ba5 8. b4
Bc7 9. Be2 O-O 10. O-O e5 11. dxe5 Nxe5 12. c5 Bg4 13. Nd4 Bxe2 14. Qxe2 Re8
15. Rad1 Qd7 16. h3 Ng6 17. Bc1 Re7 18. Qc2 Rae8 19. Qf5 Re5 20. Qxd7 Nxd7 21.
Nce2 Rh5 22. Nf3 Nge5 23. Ned4 Nxf3+ 24. Nxf3 a6 25. Bb2 f6 26. Rd3 Ne5 27.
Nxe5 Bxe5 28. Bd4 Rh4 29. Rfd1 Kf7 30. Kf1 Re4 31. Ke2 Rh4 32. a4 Ke7 33. Rb3
Bxd4 34. Rxd4 Re4 35. b5 axb5 36. axb5 Ke6 37. bxc6 bxc6 38. f4 g5 39. Rb6 Kd7
40. Rb7+ Kd8 41. fxg5 fxg5 42. Kf2 Rf8+ 1-0

[Event "Schachfestival 2020-Senioren"]
[Site "Bad Woerishofen"]
[Date "2020.03.13"]
[Round "9.41"]
[White "Gepting, Konrad"]
[Black "Schwarze, Marianne"]
[Result "1-0"]
[WhiteElo "1534"]
[BlackElo "1660"]
[Annotator "chessorg"]
[PlyCount "69"]
[EventDate "2020.??.??"]
[BlackTeam "LSV Turm Lippstadt"]

1. c4 e5 2. Nc3 Nf6 3. a3 b6 4. e4 Bb7 5. d3 h6 6. Nf3 d6 7. h3 Be7 8. Be3 c5
9. Ne2 Nh7 10. Ng3 Bc8 11. Qd2 Ng5 12. Be2 Nxf3+ 13. Bxf3 Bg5 14. Nf5 Bxf5 15.
exf5 Bxe3 16. Qxe3 Nd7 17. Bxa8 Qxa8 18. Qg3 O-O 19. f3 Nf6 20. Qf2 d5 21. g4
dxc4 22. dxc4 e4 23. O-O Rd8 24. Rae1 Rd3 25. Re3 Rd4 26. f4 Qd8 27. g5 hxg5
28. fxg5 Nh7 29. h4 Qd6 30. Qf4 Qe7 31. f6 gxf6 32. gxf6 Nxf6 33. Qxf6 Qf8 34.
Rg3+ Kh7 35. Qf5+ 1-0